000 00804cam a22002533a 4500
001 35643
003 PGUSA
005 20140828083752.0
008 110321s2011||||xxu|||||s|||||000 | eng d
040 _aPGUSA
_beng
042 _adc
050 4 _aDC
245 1 0 _aLes grandes chroniques de France (3/6) :
_bselon que elles sont conservées en l'Eglise de Saint-Denis
_h[electronic resource]
260 _bProject Gutenberg,
_c2011
506 _aPublic domain in the USA.
516 _aElectronic text
653 _aFrance -- History -- To 987
653 _aFrance -- History -- Medieval period, 987-1515
653 _aFrance -- History -- Sources
700 1 _aParis, Paulin,
_d1800-1881
830 0 _aProject Gutenberg
_v35643
856 4 0 _uhttp://www.gutenberg.org/ebooks/35643
942 _cEB
999 _c264898
_d264898